Quizzes
Events
Quiz Creation
Community
Videos
Private Events
Remove Ads
Sign In
Join for FREE
Feedback
Dark Mode
Quiz Categories
Sports
Geography
Music
Movies
Television
Just For Fun
Miscellaneous
History
Literature
Language
Science
Gaming
Entertainment
Religion
Holiday
For Kids
Quiz Lab
Recent
Popular Today
Quiz Kudos Today
Editor Picks
Curator Picks
Quizzes by...
Day
Popularity
Type
Ratings
Length
Year
Community
Subscriptions
Recent Discussions
Orange Saloon
Badges
Playlists
Quests
Create
Leaderboards
Showdown
Live 5
Trivia Bingo
Activity
Puzzle Library
Sporcle Events
Private Events
Virtual Trivia
Globe League
Become a Host
Pub Owners
SporcleCon
Opinionation
Our Games
Videos
Blog
Mobile Apps
Partnerships
Remove Ads and Go Orange
Feedback
Language
Vocabulary
Begins and Ends
Definition
Spanish
French
German
Italian
Chinese
Latin
Translation
Japanese
Language
Vocabulary
Begins and Ends
Definition
Spanish
French
German
Italian
Chinese
Latin
Translation
Japanese
Random Quiz
Search Sporcle
×
Quiz Lab
Quiz Lab
Language
Letter
Type in answers that appear in a list
Type in answers that appear in a list
Classic
Best Score? Go Orange.
Unique Letter Sequences
Stats
Can you name the words that contain each of these unique three-letter sequences?
By
Detektor
10m
26 Questions
337 Plays
337 Plays
337 Plays
Comments
Comments
Give Quiz Kudos
Give Quiz Kudos
-
- Ratings
hide this ad
Replay
Link that replays current quiz
Next Quiz
Link to next quiz in quiz playlist
You Got
0%
They Got
Avg Score
20%
Avg Friend Score
Upgrade to see
Score Distribution
Jump to the score distribution portion of the page
Score
0/26
Timer
10:00
0
Plays Today
Letters
Word
% Correct
JOV
Jovial
79.2%
QWE
Qwerty
57.9%
XYM
Oxymoron
32%
KAX
Pickaxe
31.5%
PSQ
Pipsqueak
30%
NUU
Continuum
24.6%
BSL
Bobsled
23.7%
EKD
Weekday
22.6%
FSP
Offspring
20.5%
ZWO
Buzzword
20.5%
MPG
Campground
18.4%
ADQ
Headquarters
17.5%
VYW
Heavyweight
16.9%
Letters
Word
% Correct
UDM
Loudmouth
16.6%
WKL
Hawklike
16.3%
RYD
Everyday
14.5%
GEV
Longevity
11.9%
LWH
Bullwhip
11.6%
HIH
Chihuahua
10.7%
CTW
Ductwork
9.8%
OFP
Hoofprint
9.5%
ITJ
Straitjacket
8.9%
DTR
Soundtrack
6.5%
TTW
Rottweiler
5.9%
SHS
Washstand
5.6%
YSW
Flyswatter
5.6%
Quiz Playlist
Details
Report
Send in Message
Add To Playlist
Classic:
Type in answers that appear in a list
Quiz Source
Last Updated: Feb 16, 2017
Quiz Scoreboard
CHALLENGE
Sign Up to Join the Scoreboard
Show All
Scores
Hide
Comments
May contain spoilers
Recently Published
Alphabetical 'K' Countries by Flag Minefield
by ylime102
Geography
3m
Pick 6: Fruits
by JohnFran
Miscellaneous
15s
Click the 1999 NBA Draft
by nibperrychub
Sports
2m
More to Explore
Quiz From the Vault
Featured Blog Post
15 Basketball Trivia Facts You Can Be March Mad About
hide this ad
You Might Also Like...
Tags
Letter Quiz
3 Letter
Sequence
Unique
Today's Top Quizzes in Language
Browse Language
hide this ad
Today's Top Quizzes in Letter
Browse Letter
Top Contributed Quizzes in Language
1
Spring or Fall
2
Spanish Seasons
3
Name the 4 Seasons in English
4
Multilingual Seasons
5
Seasonal Rhymes
6
Spring or Fall?
7
Guess the Word in 3 Words
8
Quick Pick: Seasons in Esperanto
9
Hiragana Speed Reading
10
Quick Pick: Prefixes for Spring
Explore More
Trending Topics
Crossword
Harry Potter
Anime
NBA
Kpop
Disney
Marvel
The Office
Country
Soccer
Song
NFL
WWE
Puzzle
Pokémon
hide this ad
More By:
Detektor
Quiz
Plays
Rating
Category
Featured
Created
'And' Idioms
221,358
4.41
Language
Jan 8, 2010
Presidential Education
142,773
4.28
History
Feb 8, 2010
Most-Published Comic Book Characters
107,762
3.99
Entertainment
Dec 1, 2009
IPA Pronunciation
99,178
4.54
Language
Apr 30, 2010
Marvel Superheroes by Profession
68,900
3.65
Entertainment
Jun 25, 2010
Go to Creator's Profile
Score Distribution
Quiz Creator Spotlight
Detektor
Follow
Send a Message
Quizzes Created
-
Created Quiz Play Count
-
More By This Creator
Popular Quizzes Today
1
Countries of Asia Without Outlines Minefield
2
Find the US States - No Outlines Minefield
3
Pick 6: Fruits
4
Alphabetical 'K' Countries by Flag Minefield
5
The Countries of the World
6
Find the US States
7
US States
8
Match the Book to the Film X
More Language Quizzes
The Other Anagram
Editor's Pick
Trending Quizzes
Pick 6: Mountains
Pick 6: Harry Potter
Pick 6: NFL Teams
Pick 6: Movie Franchises
Pick 6: Golfers
Recently Updated
NWSL Teams
pecheneg
Women's Final Four Teams by Year
bhenderson79
Presidents Quartet II
eogle
Anything But Clue(do)
eogle
Anything But Oceanian Capitals
eogle
Anything But 7
eogle
Anything But Thing
eogle
Word Ladder: February 29
pecheneg
Song Title Questions
pecheneg
Women's NCAA Tournament #1 Seeds
pecheneg
Trending Topics
NBA
Marvel
Kpop
Crossword
Anime
Harry Potter
Disney
Country
Puzzle
The Office
Soccer
Pokémon
WWE
Song
NFL
Your Account Isn't Verified!
In order to create a playlist on Sporcle, you need to verify the email address you used during registration. Go to your
Sporcle Settings
to finish the process.
Report this User
Report this user for behavior that violates our
Community Guidelines
.
Details:
Send Report
Go to the Sporcle.com Mobile Site →
Comments